000
00253nam a2200109Ia 4500
008
190914s9999||||xx |||||||||||||| ||und||
100
_a
Liaqat Sanni
245
0
_a
Bara Hoi Poskina Shaherey
260
_a
Islamabad
_b
HEC
_c
2002
300
_a
726
942
_c
BK
999
_c
9778
_d
9778